01223nam a2200301 a 4500001000500000005001700005020001800022040003100040050002100071082001200092100001600104245006300120250002100183260003800204300004700242505000800289520018100297521002000478521002100498650002200519650001300541700003400554906004500588942001500633999001500648952013000663952012800793307120240202113119.0 a9780142414743 aOCOcOCOdInCdOdDLCbeng00aPZ7.D1515b 199100a823.9141 aDahl, Roald14aThe Minpins /cRoald Dahl ; illustrated by Patrick Benson. a1st American ed. aNew York :bPenguin Group ,c1991 a47 pages : bcolor illustrations ;c28 cm. aX  aLittle Billy enters the Forest of Sin and meets the Minpins, matchstick-sized people who live in tree cities besieged by the Smoke-Belching Gruncher whom Billy vows to destroy. a890 bLexile  aX bRaz-Plus  1aFantasy.vfiction 1xFiction.1 aBenson, Patrickeillustrator  a7bcbcccopycatd3eocipf19gy-gencatlg 2ddccBKn0 c3071d3071 00102ddc40708FICa002b002cSBSd2024-02-02l0oDAH 823.914 PZ7.D1515pFISTK00006r2024-02-02 11:31:14t1w2024-02-02yBK 00102ddc40708FICa002b002cSBSd2025-11-11l0oDAH 823.914 PZ7.D1515pFIS03622r2025-11-11 14:31:32t2w2025-11-11yBK